| 000 | 00948nam a22003137a 4500 | ||
|---|---|---|---|
| 003 | CHAP | ||
| 005 | 20220329141331.0 | ||
| 008 | 971013s1965 r 00010 d | ||
| 010 | _a66555 | ||
| 011 | _a67527 | ||
| 035 | _a76997 | ||
| 040 | _cCHAP | ||
| 100 | 0 | 0 |
_aVera Pérez, Isaías. _9118787 |
| 245 | _aEcología y praticultura del Edo. de Tabasco | ||
| 260 |
_aChapingo, Méx. : _bEl autor, _c1965 |
||
| 300 | _a74 h. | ||
| 500 | _aTrabajo de clase | ||
| 590 |
_aBATCH-UPD _b10 _c20130109 _lUCH01 _h2320 |
||
| 590 |
_aBATCH-UPD _b10 _c20130110 _lUCH01 _h0845 |
||
| 590 |
_aBATCH-UPD _b10 _c20130410 _lUCH01 _h0519 |
||
| 590 |
_aBATCH-UPD _b10 _c20130914 _lUCH01 _h1904 |
||
| 590 |
_aCONVERSION _b10 _c20130109 _lUCH01 _h1337 |
||
| 650 | 1 | 4 |
_aPastos _xTabasco. _986081 |
| 650 | 1 | 4 |
_aTabasco _xGeografía. _9111277 |
| 710 | 0 |
_aENA. Departamento de Zootecnia. _936706 |
|
| 901 | _aBK | ||
| 942 | _cTESIS | ||
| 949 |
_bBC _cTES _d-29859 _eTS1 _i76997 _si |
||
| 999 |
_c66555 _d66555 |
||